000 00316nam a22001337a 4500
082 _a823
_bPRA/C
100 _aPRAN
245 _aCHACHA CHAUDHARY DIGEST-3
246 _aCHACHA CHAUDHARY DIGEST-3
_bCHACHA CHAUDHARY DIGEST-3
260 _aNEW DELHI
_bDIAMOND
300 _a91
650 _aENGLISH COMICS
942 _cBK
999 _c8652
_d8652